[Event "Championnat de Martinique Fermé "]
[Site "Madiana"]
[Date "2016.05.05"]
[Round "5.5"]
[White "Medeuf, Yonhel"]
[Black "Evers, Shaman"]
[Result "1-0"]
[WhiteElo "2038"]
[BlackElo "1541"]
[PlyCount "35"]
[EventDate "2016.??.??"]

1. e4 e5 2. Nf3 Nc6 3. Bc4 Nf6 4. d3 h6 5. c3 a6 6. O-O Bc5 7. d4 exd4 8. cxd4
Ba7 9. e5 Nh7 10. d5 Ne7 11. d6 cxd6 12. exd6 Nf5 13. Re1+ Kf8 14. g4 Nh4 15.
Re7 Nxf3+ 16. Qxf3 Ng5 17. Bxg5 hxg5 18. Qxf7# 1-0

[Event "Championnat de Martinique Fermé "]
[Site "Madiana"]
[Date "2016.05.05"]
[Round "6.1"]
[White "Lafortune, Emerick"]
[Black "Midonet, Matthieu"]
[Result "0-1"]
[WhiteElo "1956"]
[BlackElo "2204"]
[PlyCount "86"]
[EventDate "2016.??.??"]

1. Nf3 d5 2. c4 d4 3. g3 Nc6 4. Bg2 e5 5. d3 Bb4+ 6. Bd2 a5 7. O-O Nf6 8. e3
O-O 9. exd4 exd4 10. Bg5 h6 11. Bxf6 Qxf6 12. a3 Bd6 13. Nbd2 Bf5 14. Qc2 a4
15. Nh4 Bh7 16. Ne4 Qd8 17. f4 Be7 18. Qf2 Bxh4 19. gxh4 Ne7 20. Nc5 Nf5 21.
Bxb7 Rb8 22. Be4 Ne3 23. f5 Nxf1 24. Rxf1 Rb6 25. Nxa4 Rf6 26. Nc5 g6 27. Nb3
gxf5 28. Nxd4 Rg6+ 29. Bg2 Kh8 30. Kh1 c5 31. Nc6 Qb6 32. Ne5 Rd6 33. Bd5 Rxd5
34. cxd5 Qd6 35. Nc4 Qxd5+ 36. Qf3 Qd4 37. Qe3 Qxh4 38. Qxc5 Re8 39. Ne5 Qf6
40. d4 f4 41. Qd5 Rg8 42. h3 Rg3 43. Qxf7 Be4+ 0-1

[Event "Championnat de Martinique Fermé "]
[Site "Madiana"]
[Date "2016.05.05"]
[Round "6.2"]
[White "Verneuil, Pascal"]
[Black "Tin, Romain"]
[Result "1-0"]
[WhiteElo "2191"]
[BlackElo "1571"]
[PlyCount "107"]
[EventDate "2016.??.??"]

1. e4 c6 2. d4 d5 3. e5 Bf5 4. Bd3 Bxd3 5. Qxd3 e6 6. Nc3 Ne7 7. Nge2 h6 8. O-O
Nd7 9. f4 Qc7 10. Be3 g6 11. Bf2 h5 12. a4 Nf5 13. Ng3 Be7 14. a5 a6 15. Rfb1
Bb4 16. Nxf5 gxf5 17. Bh4 Nf8 18. Na4 Bxa5 19. b4 Bb6 20. Nc5 Bxc5 21. bxc5 Ng6
22. Bg5 Kd7 23. Rb6 Ne7 24. Rab1 Rhb8 25. Bxe7 Kxe7 26. Qh3 a5 27. Qxh5 a4 28.
Qg5+ Ke8 29. Qg3 a3 30. Qb3 Qe7 31. g3 f6 32. exf6 Qxf6 33. c3 Qf7 34. Qd1 a2
35. Ra1 Ra7 36. Qe2 Rba8 37. Rb2 Kd7 38. Kg2 Qg8 39. Rbxa2 Rxa2 40. Rxa2 Rxa2
41. Qxa2 Qg4 42. Qd2 Kc7 43. h3 Qh5 44. Qd3 b6 45. cxb6+ Kxb6 46. Qf3 Qg6 47.
Qe2 c5 48. Qe5 Kb5 49. Qe2+ Kc6 50. Qa6+ Kd7 51. dxc5 Qf6 52. Qd6+ Kc8 53. c6
Qf7 54. h4 1-0

[Event "Championnat de Martinique Fermé "]
[Site "Madiana"]
[Date "2016.05.05"]
[Round "6.3"]
[White "Medeuf, Yonhel"]
[Black "Suez-Panama, Gilles"]
[Result "1-0"]
[WhiteElo "2038"]
[BlackElo "2022"]
[PlyCount "63"]
[EventDate "2016.??.??"]

1. e4 e6 2. d4 d5 3. Nc3 Nf6 4. Bg5 dxe4 5. Nxe4 Be7 6. Bxf6 gxf6 7. Nf3 a6 8.
Qd2 f5 9. Ng3 h5 10. h4 Nd7 11. O-O-O Nf6 12. Ne5 Nd5 13. c4 Nb4 14. Be2 c5 15.
Bxh5 Rf8 16. Nxf7 Rxf7 17. Qh6 Nxa2+ 18. Kb1 Qa5 19. Qg6 Nb4 20. Qxf7+ Kd8 21.
dxc5+ Bd7 22. Qe8+ Kc7 23. Rxd7+ Kc6 24. Bf3+ Kxc5 25. Qxe7+ Kxc4 26. Rc1+ Kb3
27. Rc3+ Ka4 28. Ra3+ Kb5 29. Rxb7+ Kc4 30. Rxa5 Rd8 31. Rxb4+ Kd3 32. Qxd8#
1-0

[Event "Championnat de Martinique Fermé "]
[Site "Madiana"]
[Date "2016.05.05"]
[Round "6.4"]
[White "Rapon, Karl-Loic"]
[Black "Gouacide Jean Ernest, Pascal"]
[Result "1-0"]
[WhiteElo "2043"]
[BlackElo "1648"]
[PlyCount "83"]
[EventDate "2016.??.??"]

1. c4 Nf6 2. Nc3 e6 3. e4 d6 4. d4 Be7 5. Nf3 O-O 6. Be2 Nbd7 7. O-O c5 8. Re1
cxd4 9. Nxd4 a6 10. Be3 Nc5 11. Qc2 Ne8 12. Rad1 f5 13. exf5 e5 14. Ne6 Nxe6
15. fxe6 Bxe6 16. Nd5 Bg5 17. Bb6 Qd7 18. Bd3 g6 19. Bxg6 Bxd5 20. Bxe8 Raxe8
21. Rxd5 Rf6 22. Be3 Bxe3 23. Rxe3 Ref8 24. Rexe5 Rxf2 25. Rg5+ Kh8 26. Qc3+
R8f6 27. h3 Qe7 28. Rdf5 R2xf5 29. Rxf5 Kg7 30. Kf2 Qe5 31. Qxe5 dxe5 32. Rxf6
Kxf6 33. b4 Kf5 34. Ke3 h5 35. g3 e4 36. a4 h4 37. g4+ Ke5 38. b5 axb5 39. axb5
b6 40. c5 bxc5 41. b6 Kd6 42. g5 1-0

[Event "Championnat de Martinique Fermé "]
[Site "Madiana"]
[Date "2016.05.05"]
[Round "6.5"]
[White "Chancerel, Dominique"]
[Black "Lebon, Nicolas"]
[Result "1/2-1/2"]
[WhiteElo "1853"]
[BlackElo "1874"]
[PlyCount "156"]
[EventDate "2016.??.??"]

1. e4 b6 2. d4 Bb7 3. Nc3 e6 4. a3 Nf6 5. Bg5 h6 6. Bxf6 Qxf6 7. Nf3 d5 8. exd5
Bxd5 9. Nxd5 exd5 10. Qd2 Bd6 11. Bd3 O-O 12. O-O Nc6 13. Rae1 a6 14. Re2 Kh8
15. c3 b5 16. Rfe1 g5 17. Bb1 Rad8 18. Ne5 Na5 19. Qd3 Qg7 20. Qh3 Bxe5 21.
dxe5 Rfe8 22. e6 Re7 23. exf7 Rxf7 24. Qh5 Nc6 25. h3 Rdf8 26. Ba2 Re7 27. Re6
Rf6 28. Rxe7 Nxe7 29. Qe8+ Ng8 30. Bxd5 Rf8 31. Qe6 Rf6 32. Qe7 Rd6 33. Bxg8
Kxg8 34. Qxg7+ Kxg7 35. Re7+ Kf8 36. Rxc7 Rd1+ 37. Kh2 Rd2 38. b3 Rxf2 39. Rc6
Kg7 40. Rxa6 Rb2 41. c4 Rxb3 42. cxb5 Rxb5 43. a4 Rb3 44. a5 Ra3 45. Kg1 h5 46.
Ra8 Ra2 47. a6 Kh7 48. g3 Kg7 49. a7 Kh7 50. g4 hxg4 51. hxg4 Kg7 52. Kf1 Kh7
53. Ke1 Kg7 54. Kd1 Kh7 55. Kc1 Kg7 56. Kb1 Ra6 57. Kc2 Ra1 58. Kb3 Ra6 59. Kb4
Ra1 60. Kc5 Rc1+ 61. Kd6 Rd1+ 62. Kc7 Rc1+ 63. Kd6 Rd1+ 64. Ke5 Ra1 65. Kf5
Ra5+ 66. Ke6 Ra1 67. Rd8 Ra6+ 68. Kf5 Ra5+ 69. Ke6 Ra6+ 70. Rd6 Rxa7 71. Rd7+
Rxd7 72. Kxd7 Kf7 73. Kd6 Kf6 74. Kd5 Ke7 75. Ke5 Kf7 76. Kf5 Kf8 77. Kg6 Kg8
78. Kh5 Kh7 1/2-1/2

[Event "Championnat de Martinique Fermé "]
[Site "Madiana"]
[Date "2016.05.05"]
[Round "6.6"]
[White "Evers, Shaman"]
[Black "Coat, Gabriel"]
[Result "1-0"]
[WhiteElo "1541"]
[BlackElo "1327"]
[PlyCount "111"]
[EventDate "2016.??.??"]

1. e4 e5 2. Nf3 Nc6 3. Bb5 Bc5 4. O-O d6 5. d4 exd4 6. Nxd4 Nge7 7. Bg5 O-O 8.
Nxc6 bxc6 9. Bxc6 Rb8 10. Bxe7 Qxe7 11. b3 Qf6 12. Nd2 Bd4 13. Rb1 Be5 14. Qf3
Qxf3 15. Nxf3 Rb6 16. Nxe5 dxe5 17. Bd5 Ba6 18. Rfe1 c6 19. Bc4 Bxc4 20. bxc4
Ra6 21. Rb2 Ra4 22. f3 Rd8 23. Re3 h6 24. Rd3 Rxd3 25. cxd3 Ra3 26. Rd2 Kf8 27.
Kf2 Ke7 28. Ke3 Kd6 29. f4 f6 30. f5 Kc5 31. Rb2 a5 32. g4 Rc3 33. Kd2 Kd4 34.
Rb3 Rxb3 35. axb3 Kc5 36. Kc3 Kb6 37. d4 c5 38. dxc5+ Kxc5 39. h3 Kb6 40. b4
Ka6 41. bxa5 Kxa5 42. Kb3 Ka6 43. Ka4 Kb6 44. Kb4 Kc6 45. c5 Kc7 46. Kb5 Kb7
47. c6+ Kc7 48. Kc5 Kc8 49. Kd6 Kd8 50. c7+ Kc8 51. Kc6 h5 52. gxh5 g5 53. fxg6
f5 54. exf5 e4 55. g7 e3 56. g8=Q# 1-0

[Event "Championnat de Martinique Fermé "]
[Site "Madiana"]
[Date "2016.05.05"]
[Round "7.1"]
[White "Midonet, Matthieu"]
[Black "Verneuil, Pascal"]
[Result "1/2-1/2"]
[WhiteElo "2204"]
[BlackElo "2191"]
[PlyCount "81"]
[EventDate "2016.??.??"]

1. d4 d5 2. Bf4 Nf6 3. e3 Bf5 4. c4 a6 5. Qb3 Ra7 6. Nf3 e6 7. Nc3 c6 8. Be2
Nbd7 9. O-O Be7 10. h3 h6 11. Ne5 Nxe5 12. Bxe5 Nd7 13. Bg3 O-O 14. f3 Nf6 15.
c5 Bg6 16. Qd1 Nd7 17. b4 b6 18. a4 bxc5 19. bxc5 e5 20. Bd3 Qa5 21. Bxg6 fxg6
22. Qd3 Bf6 23. Kh1 exd4 24. exd4 Nxc5 25. dxc5 Bxc3 26. Rac1 Bf6 27. Bd6 Re8
28. Qxg6 Raa8 29. Rb1 Qxa4 30. Rb7 Qh4 31. Kh2 a5 32. Qf7+ Kh7 33. Rfb1 Qg5 34.
Qd7 a4 35. R1b4 h5 36. f4 Qg6 37. f5 Qg5 38. h4 Qh6 39. Ra7 Qd2 40. Qf7 Qxb4
41. Qxh5+ 1/2-1/2

[Event "Championnat de Martinique Fermé "]
[Site "Madiana"]
[Date "2016.05.05"]
[Round "7.2"]
[White "Coat, Gabriel"]
[Black "Rapon, Karl-Loic"]
[Result "0-1"]
[WhiteElo "1327"]
[BlackElo "2043"]
[PlyCount "178"]
[EventDate "2016.??.??"]

1. Nf3 c5 2. c3 Nf6 3. g3 Nc6 4. Bg2 e5 5. d4 cxd4 6. cxd4 e4 7. Ne5 Nxe5 8.
dxe5 Qa5+ 9. Nc3 Qxe5 10. Bf4 Qa5 11. O-O d5 12. Bg5 Be6 13. Bxf6 gxf6 14. Qd4
Be7 15. a3 Qc5 16. Qa4+ Qc6 17. Rfd1 Qxa4 18. Nxa4 O-O 19. Nc3 Rfd8 20. f3 f5
21. fxe4 fxe4 22. b4 Rac8 23. Nb5 Bf6 24. Rab1 Bg4 25. Bf1 d4 26. h3 Bh5 27. g4
Bg6 28. Nxa7 Rc2 29. Nb5 d3 30. exd3 exd3 31. a4 Bg5 32. Bg2 d2 33. Na3 Ra2 34.
Rb3 Bd3 35. Bf1 Bxf1 36. Kxf1 Rc8 37. Ke2 Rc1 38. Nb1 Ra1 39. Nc3 Bf6 40. Nb1
Bg5 41. a5 Kg7 42. Nc3 Bf6 43. Nb1 Kg6 44. b5 Rxa5 45. Nxd2 Rc2 46. Kd3 Rca2
47. Ne4 Be7 48. Rd2 Rxd2+ 49. Nxd2 Kg5 50. Nf3+ Kf4 51. Nd4 Ra3 52. Ne2+ Kf3
53. Rxa3 Bxa3 54. Nd4+ Kg3 55. Nf5+ Kxh3 56. Nh6 Kh4 57. Ke4 Kg5 58. Nxf7+ Kxg4
59. Nh6+ Kg3 60. Nf5+ Kh3 61. Ng7 Bb2 62. Nh5 Kg4 63. Nf4 h5 64. Nxh5 Kxh5 65.
Kf5 b6 66. Ke4 Kg5 67. Kd5 Kf5 68. Kc4 Ke4 69. Kb4 Kd5 70. Kb3 Be5 71. Ka3 Kc5
72. Ka4 Bf6 73. Ka3 Kxb5 74. Kb3 Be7 75. Kc3 Ka4 76. Kc2 Ka3 77. Kb1 b5 78. Ka1
b4 79. Kb1 b3 80. Ka1 Bf6+ 81. Kb1 Bc3 82. Kc1 Ka2 83. Kd1 b2 84. Ke2 b1=Q 85.
Ke3 Qf5 86. Ke2 Kb3 87. Ke3 Qg4 88. Kf2 Kc2 89. Ke3 Bd4# 0-1

[Event "Championnat de Martinique Fermé "]
[Site "Madiana"]
[Date "2016.05.05"]
[Round "7.3"]
[White "Lebon, Nicolas"]
[Black "Medeuf, Yonhel"]
[Result "0-1"]
[WhiteElo "1874"]
[BlackElo "2038"]
[PlyCount "76"]
[EventDate "2016.??.??"]

1. f4 e5 2. fxe5 d6 3. exd6 Bxd6 4. Nf3 Nf6 5. d4 Ng4 6. Qd3 c5 7. Qe4+ Be6 8.
d5 Nf6 9. Qa4+ Bd7 10. Qb3 b5 11. Bg5 O-O 12. c4 bxc4 13. Qxc4 Qb6 14. Bxf6
gxf6 15. Qc3 c4 16. a3 Bc5 17. Nbd2 Bf2+ 18. Kd1 Ba4+ 19. Kc1 Qe3 20. Qxe3 Bxe3
21. Kb1 c3 22. bxc3 Nd7 23. g3 Nb6 24. c4 Rab8 25. Ka2 Nxc4 26. Nxc4 Bb3+ 27.
Kb2 Bxc4+ 28. Kc2 Bxd5 29. Bh3 Be4+ 30. Kd1 Rb2 31. Ke1 Bxf3 32. exf3 Rd8 33.
Kf1 Rdd2 34. f4 Bb6 35. a4 Ba5 36. Rc1 Rf2+ 37. Kg1 Bb6 38. Re1 Rxf4+ 0-1

[Event "Championnat de Martinique Fermé "]
[Site "Madiana"]
[Date "2016.05.05"]
[Round "7.4"]
[White "Tin, Romain"]
[Black "Chancerel, Dominique"]
[Result "0-1"]
[WhiteElo "1571"]
[BlackElo "1853"]
[PlyCount "80"]
[EventDate "2016.??.??"]

1. d4 Nf6 2. c4 e6 3. Nc3 d5 4. Bg5 Nbd7 5. cxd5 exd5 6. Nxd5 Nxd5 7. Bxd8 Bb4+
8. Qd2 Bxd2+ 9. Kxd2 Kxd8 10. Nf3 f6 11. e4 Ne7 12. d5 Ng6 13. Nd4 Nde5 14. Rc1
a6 15. g3 Re8 16. h3 Bd7 17. f4 Nf7 18. f5 Nge5 19. Ne6+ Bxe6 20. dxe6 Nd6 21.
Ke3 Rc8 22. Be2 Ke7 23. Kf4 Red8 24. Rhd1 g5+ 25. Ke3 b5 26. b3 c5 27. g4 c4
28. h4 h6 29. hxg5 hxg5 30. Rh1 Rh8 31. Kd4 Nc6+ 32. Kd5 Nb4+ 33. Kd4 Nxa2 34.
Rxh8 Rxh8 35. Rd1 cxb3 36. e5 Nxf5+ 37. gxf5 Rd8+ 38. Ke4 Nc3+ 39. Kf3 Nxd1 40.
exf6+ Kxf6 0-1

[Event "Championnat de Martinique Fermé "]
[Site "Madiana"]
[Date "2016.05.05"]
[Round "7.5"]
[White "Suez-Panama, Gilles"]
[Black "Evers, Shaman"]
[Result "1-0"]
[WhiteElo "2022"]
[BlackElo "1541"]
[PlyCount "157"]
[EventDate "2016.??.??"]

1. d4 d5 2. Nf3 Bf5 3. Nh4 Bd7 4. g3 Nf6 5. Bg2 g6 6. O-O Bg7 7. Nd2 O-O 8. c3
Re8 9. Nb3 Ba4 10. Qd3 Nbd7 11. f4 e6 12. Bd2 a6 13. Rae1 Rc8 14. Qb1 c5 15. e3
Qb6 16. Nc1 Re7 17. Nd3 Bb5 18. Rf2 Ne8 19. Ne5 Nd6 20. Qd1 f5 21. Nxd7 Rxd7
22. Bc1 Rdc7 23. Nf3 a5 24. Ne5 cxd4 25. exd4 Ne4 26. Bxe4 dxe4 27. Be3 Qa6 28.
h4 Bxe5 29. fxe5 h5 30. Qd2 Qc6 31. Bg5 Qd5 32. Bf6 Rh7 33. Qg5 Kf7 34. a3 Rc6
35. Bd8 Qd7 36. Qf6+ Kg8 37. Bxa5 Ra6 38. Bb4 Ra8 39. Qxg6+ Kh8 40. Kh2 Rg8 41.
Qf6+ Rhg7 42. Bf8 Rxf8 43. Qxf8+ Kh7 44. Re3 Bd3 45. Qd6 Qxd6 46. exd6 Rd7 47.
Rxd3 exd3 48. Rd2 Rxd6 49. Rxd3 e5 50. Kg2 Kg6 51. Kf2 b5 52. Ke3 e4 53. Rd1
Kf7 54. Kf4 Kf6 55. d5 Rd7 56. d6 Ke6 57. Kg5 Rxd6 58. Re1 Rd3 59. Rg1 Rf3 60.
Kxh5 Kd5 61. Kg5 e3 62. h5 Ke4 63. h6 e2 64. h7 Rf1 65. h8=Q Rxg1 66. Qd4+ Kf3
67. Qxg1 f4 68. gxf4 b4 69. axb4 Ke4 70. f5 Kd3 71. Qe1 Ke3 72. f6 Kf3 73. f7
Ke3 74. f8=Q Kd3 75. Qf3+ Kc2 76. Qfxe2+ Kb3 77. Q1d1+ Ka2 78. Qe6+ Kxb2 79.
Qeb3# 1-0

[Event "Championnat de Martinique Fermé "]
[Site "Madiana"]
[Date "2016.05.05"]
[Round "7.6"]
[White "Gouacide Jean Ernest, Pascal"]
[Black "Lafortune, Emerick"]
[Result "0-1"]
[WhiteElo "1648"]
[BlackElo "1956"]
[PlyCount "48"]
[EventDate "2016.??.??"]

1. e4 e5 2. Nf3 Nc6 3. Bb5 a6 4. Ba4 Nf6 5. O-O Be7 6. Re1 b5 7. Bb3 O-O 8. c3
d6 9. h3 Nb8 10. d4 Nbd7 11. Nbd2 Bb7 12. Nf1 exd4 13. cxd4 Nxe4 14. Bc2 Ndf6
15. Ng3 Nxg3 16. fxg3 d5 17. Bf4 Bd6 18. Be5 Ne4 19. Kh2 f6 20. Bxe4 fxe5 21.
Qb3 Kh8 22. Bxd5 Bxd5 23. Qxd5 exd4 24. Qxd4 Rxf3 0-1

[Event "Championnat de Martinique Fermé "]
[Site "Madiana"]
[Date "2016.05.14"]
[Round "8.1"]
[White "Evers, Shaman"]
[Black "Rapon, Karl-Loic"]
[Result "0-1"]
[WhiteElo "1541"]
[BlackElo "2043"]
[PlyCount "86"]
[EventDate "2016.??.??"]

1. e4 c5 2. Nf3 d6 3. d4 cxd4 4. Nxd4 Nf6 5. Nc3 a6 6. Bc4 e6 7. Bg5 b5 8. Be2
Bb7 9. Bf3 Nbd7 10. Qd2 Qc7 11. a3 Be7 12. O-O Ne5 13. Rfe1 Nc4 14. Qc1 Rc8 15.
Nb1 h6 16. Bh4 O-O 17. c3 Ne5 18. Nd2 Nd3 19. Qc2 Nxe1 20. Rxe1 Rfe8 21. Re3
Nd7 22. Bxe7 Rxe7 23. Bd1 Qb6 24. Rg3 Ne5 25. Kh1 Rec7 26. Qb3 d5 27. f4 Nd7
28. e5 Nc5 29. Qc2 Ne4 30. Nxe4 Qxd4 31. Nf6+ Kf8 32. Rxg7 Qxf4 33. Rg8+ Ke7
34. h3 Qxe5 35. Rxc8 Rxc8 36. Ng4 Qe1+ 37. Kh2 h5 38. Nf2 d4 39. Bxh5 Qe5+ 40.
Kg1 Qxh5 41. Qb3 dxc3 42. bxc3 Qe2 43. Ng4 Qxg2# 0-1

[Event "Championnat de Martinique Fermé "]
[Site "Madiana"]
[Date "2016.05.14"]
[Round "8.3"]
[White "Chancerel, Dominique"]
[Black "Midonet, Matthieu"]
[Result "0-1"]
[WhiteElo "1853"]
[BlackElo "2204"]
[PlyCount "92"]
[EventDate "2016.??.??"]

1. e4 c5 2. Nf3 Nc6 3. d4 cxd4 4. Nxd4 e5 5. Nb5 d6 6. c4 Be7 7. N1c3 a6 8. Na3
f5 9. exf5 Bxf5 10. Bd3 Be6 11. O-O Nf6 12. Nc2 O-O 13. Bg5 Qd7 14. a3 Rac8 15.
Qe2 Bd8 16. Rae1 Bb6 17. Bxf6 gxf6 18. Kh1 f5 19. Qd2 Kh8 20. Ne3 Qf7 21. Ned5
Bd4 22. Be2 Na5 23. f4 Nxc4 24. Bxc4 Rxc4 25. Ne3 Rc6 26. fxe5 dxe5 27. Rf3 Qg7
28. Nc2 Bc5 29. Rg3 Qf6 30. Rf1 Qe7 31. Qe2 Bg8 32. Qh5 Qf7 33. Rg5 Qxh5 34.
Rxh5 Be6 35. h3 Rd8 36. Ne1 e4 37. g4 fxg4 38. hxg4 Rd2 39. Ng2 Bxg4 40. Rxc5
Rxc5 41. Nxe4 Rh5+ 42. Kg1 Rxg2+ 43. Kxg2 Bh3+ 44. Kg1 Bxf1 45. Kxf1 Rh1+ 46.
Ke2 Rh2+ 0-1

[Event "Championnat de Martinique Fermé "]
[Site "Madiana"]
[Date "2016.05.05"]
[Round "8.4"]
[White "Medeuf, Yonhel"]
[Black "Tin, Romain"]
[Result "1-0"]
[WhiteElo "2038"]
[BlackElo "1571"]
[Annotator "Doe,John"]
[PlyCount "117"]
[EventDate "2016.??.??"]

1. e4 c6 2. d4 d5 3. Nc3 dxe4 4. Nxe4 Bf5 5. Ng3 Bg6 6. Nf3 e6 (6... Nf6 7. Bf4
(7. h4 h6)) 7. h4 h6 8. Ne5 Bh7 9. Bc4 Qe7 10. Qe2 Nd7 11. Nxd7 Qxd7 12. d5 e5
13. Qxe5+ Qe7 14. Qxe7+ Nxe7 15. dxc6 Nxc6 16. c3 Be7 17. h5 O-O 18. O-O Na5
19. Bd5 Rfd8 20. Bf3 Nc4 21. b3 Nd2 22. Bxd2 Rxd2 23. Bxb7 Rb8 24. Be4 Bxe4 25.
Nxe4 Rd5 26. g4 f5 27. gxf5 Rxf5 28. Rae1 Bh4 29. Re3 Rxh5 30. Rh3 Rbb5 31. Kg2
Rbe5 32. Ng3 Bxg3 33. Rxh5 Rxh5 34. fxg3 Rd5 35. c4 Rd3 36. Rf3 Rd1 37. Rf2 Rc1
38. Kf3 a5 39. Ke4 a4 40. Kd3 Rg1 41. Rf3 Rg2 42. bxa4 Rxa2 43. Kd4 Rxa4 44.
Kd5 Ra8 45. c5 Rd8+ 46. Ke6 Rd2 47. Rc3 Kf8 48. c6 Re2+ 49. Kd7 Rd2+ 50. Ke6
Re2+ 51. Kd7 Rd2+ 52. Kc8 Ke7 53. c7 Rb2 54. Re3+ Kd6 55. Kd8 Rc2 56. c8=Q
Rxc8+ 57. Kxc8 h5 58. Kd8 g5 59. Ke8 1-0

[Event "Championnat de Martinique Fermé "]
[Site "Madiana"]
[Date "2016.05.05"]
[Round "8.5"]
[White "Suez-Panama, Gilles"]
[Black "Lebon, Nicolas"]
[Result "1-0"]
[WhiteElo "2022"]
[BlackElo "1874"]
[PlyCount "53"]
[EventDate "2016.??.??"]

1. d4 b6 2. c4 e6 3. Nc3 Bb7 4. d5 Bb4 5. e4 Qe7 6. Be2 exd5 7. exd5 Nf6 8. Nf3
Ne4 9. Qc2 Na6 10. O-O Nxc3 11. bxc3 Bc5 12. Re1 O-O-O 13. a4 f6 14. Bd3 Qf7
15. a5 g5 16. axb6 Bxb6 17. Bf5 h5 18. Ba3 Nc5 19. Nd4 Kb8 20. Nb3 Nxb3 21.
Qxb3 c5 22. dxc6 Bxc6 23. Bd6+ Kc8 24. Reb1 h4 25. Rxa7 Bxa7 26. Qb8+ Bxb8 27.
Rxb8# 1-0

[Event "Championnat de Martinique Fermé "]
[Site "Madiana"]
[Date "2016.05.05"]
[Round "8.6"]
[White "Lafortune, Emerick"]
[Black "Coat, Gabriel"]
[Result "1/2-1/2"]
[WhiteElo "1956"]
[BlackElo "1327"]
[PlyCount "127"]
[EventDate "2016.??.??"]

1. Nf3 d6 2. e4 e5 3. d4 f6 4. Bc4 Bg4 5. h3 Bh5 6. c3 Ne7 7. Qb3 Nbc6 8. dxe5
dxe5 9. Be3 Na5 10. Qa4+ c6 11. Be2 b5 12. Qc2 Bf7 13. Nbd2 Nc8 14. O-O Nd6 15.
Rfd1 Qc7 16. b3 Be7 17. c4 a6 18. c5 Nc8 19. a4 O-O 20. axb5 cxb5 21. b4 Nc6
22. Bxb5 Nxb4 23. Qa4 Bxc5 24. Rdc1 Nb6 25. Qxb4 Bxb4 26. Rxc7 axb5 27. Rb1
Bxd2 28. Bxb6 Ba5 29. Rxb5 Bxb6 30. Rxb6 Bg6 31. Rbb7 Rf7 32. Rxf7 Bxf7 33. Nh4
Be6 34. Re7 Ra6 35. Re8+ Kf7 36. Rh8 h6 37. Rb8 Rd6 38. Rb7+ Rd7 39. Rb6 Rd4
40. Rb7+ Rd7 41. Rb6 Rd4 42. Rb7+ Rd7 43. Rxd7+ Bxd7 44. Kf1 Bc6 45. f3 Bd7 46.
Nf5 Bxf5 47. exf5 Ke7 48. Ke2 Kd6 49. Kd3 h5 50. g3 Kd5 51. Ke3 Kc4 52. Ke4 Kc3
53. g4 h4 54. f4 exf4 55. Kxf4 Kd4 56. g5 Kd3 57. gxf6 gxf6 58. Kg4 Ke4 59.
Kxh4 Kxf5 60. Kg3 Kg5 61. h4+ Kh5 62. Kf4 Kxh4 63. Kf5 Kg3 64. Kxf6 1/2-1/2

[Event "Championnat de Martinique Fermé "]
[Site "Madiana"]
[Date "2016.05.05"]
[Round "9.1"]
[White "Rapon, Karl-Loic"]
[Black "Lafortune, Emerick"]
[Result "1/2-1/2"]
[WhiteElo "2043"]
[BlackElo "1956"]
[PlyCount "106"]
[EventDate "2016.??.??"]

1. c4 c5 2. Nc3 g6 3. Nf3 Bg7 4. e3 Nf6 5. d4 O-O 6. Be2 cxd4 7. Nxd4 Nc6 8.
O-O d5 9. cxd5 Nxd5 10. Nxd5 Qxd5 11. Bf3 Qc5 12. Nxc6 bxc6 13. Qa4 Be6 14. Rb1
Rfc8 15. Re1 Rab8 16. b3 Qb5 17. Qa3 Bc3 18. Rd1 Bb4 19. Qb2 Qa5 20. Qc2 c5 21.
Bd5 Bxd5 22. Rxd5 Rd8 23. e4 Rxd5 24. exd5 Rd8 25. Bg5 Rxd5 26. Bxe7 Qc7 27.
Qe4 Qd7 28. g3 Bc3 29. Kg2 Kg7 30. Rc1 Bd4 31. f4 Rh5 32. h4 Rd5 33. Rc2 f5 34.
Qf3 Kf7 35. Re2 h6 36. h5 Bg7 37. hxg6+ Kxg6 38. Qe3 Kf7 39. Bxc5 Bf6 40. Bb4
Rd3 41. Qc5 a5 42. Be1 Qb7+ 43. Kh2 Qf3 44. Qc4+ Kg7 45. Re8 Qh5+ 46. Kg2 Qxe8
47. Qxd3 Qxe1 48. Qxf5 Qe2+ 49. Kh3 Qf1+ 50. Kh2 Qe2+ 51. Kh3 Qf1+ 52. Kh2 Qe2+
53. Kh3 Qf1+ 1/2-1/2

[Event "Championnat de Martinique Fermé "]
[Site "Madiana"]
[Date "2016.05.05"]
[Round "9.2"]
[White "Coat, Gabriel"]
[Black "Verneuil, Pascal"]
[Result "0-1"]
[WhiteElo "1327"]
[BlackElo "2191"]
[PlyCount "156"]
[EventDate "2016.??.??"]

1. d4 Nf6 2. c4 c5 3. e3 e6 4. Nc3 b6 5. Be2 Bb7 6. Bf3 d5 7. b3 Be7 8. Nge2
O-O 9. O-O Na6 10. Bb2 Ne4 11. Ng3 f5 12. Ncxe4 dxe4 13. Be2 Bf6 14. Nh5 Qe7
15. Nxf6+ Qxf6 16. Qc2 Qg6 17. a3 f4 18. exf4 Rxf4 19. Bc1 Rf5 20. Be3 cxd4 21.
Bxd4 Nc5 22. Bxc5 Rxc5 23. f4 Rf8 24. h3 Rcf5 25. Bg4 Rxf4 26. Rxf4 Rxf4 27.
Rf1 Rxf1+ 28. Kxf1 h5 29. Be2 Qf6+ 30. Kg1 Qd4+ 31. Kh1 h4 32. Bg4 Kh8 33. Bxe6
Qa1+ 34. Kh2 Qe5+ 35. Kh1 Qxe6 36. Qd2 Qf6 37. Qd7 Bc6 38. Qg4 e3 39. Kh2 Bb7
40. Qh5+ Qh6 41. Qe8+ Kh7 42. Qf7 Bc6 43. Qf5+ Qg6 44. Qf1 Qg3+ 45. Kg1 Qf2+
46. Qxf2 exf2+ 47. Kxf2 Kg6 48. g3 Kg5 49. b4 Bd7 50. Kg2 Be6 51. c5 bxc5 52.
bxc5 a5 53. c6 Bd5+ 54. Kf2 Bxc6 55. gxh4+ Kxh4 56. Ke3 Kxh3 57. Kf4 Kh4 58.
Ke3 g5 59. Kf2 Kh3 60. Kg1 Kg3 61. Kf1 Kh2 62. Ke2 g4 63. Kd3 g3 64. Kc4 g2 65.
Kc5 g1=Q+ 66. Kxc6 Qb1 67. Kc5 Qb3 68. Kc6 Qxa3 69. Kb5 Qb4+ 70. Kc6 a4 71. Kd5
a3 72. Kc6 a2 73. Kd5 a1=R 74. Ke6 Ra5 75. Kd7 Qb6 76. Kc8 Rc5+ 77. Kd7 Rc7+
78. Kd8 Qb8# 0-1

[Event "Championnat de Martinique Fermé "]
[Site "Madiana"]
[Date "2016.05.05"]
[Round "9.3"]
[White "Midonet, Matthieu"]
[Black "Medeuf, Yonhel"]
[Result "1-0"]
[WhiteElo "2204"]
[BlackElo "2038"]
[PlyCount "91"]
[EventDate "2016.??.??"]

1. e4 c5 2. Nf3 Nc6 3. Bb5 g6 4. O-O Bg7 5. Re1 e5 6. Bxc6 bxc6 7. b4 cxb4 8.
a3 bxa3 9. Bxa3 d6 10. d4 Bg4 11. Nbd2 exd4 12. Nc4 Be5 13. c3 Bxf3 14. Qxf3
Qf6 15. Qxf6 Nxf6 16. cxd4 Bxd4 17. Nxd6+ Kd7 18. Rad1 c5 19. Nxf7 Rhc8 20. e5
Nd5 21. e6+ Kc6 22. Ne5+ Kb5 23. Nf3 Bc3 24. Rxd5 Bxe1 25. Nxe1 Rd8 26. Rxc5+
Ka4 27. Rc3 Rab8 28. e7 Re8 29. Bd6 Rb6 30. Rd3 Rb1 31. Re3 Rb7 32. g3 Rd7 33.
Ba3 Rb7 34. Nc2 Rb3 35. Re4+ Ka5 36. Bd6 Kb6 37. Nd4 Rb1+ 38. Kg2 Rd1 39. Kf3
a5 40. Ke2 Rc1 41. Ne6 Rc2+ 42. Ke3 Rc3+ 43. Kd4 Rc6 44. Kd5 Rc1 45. Ng7 Rd1+
46. Ke6 1-0

[Event "Championnat de Martinique Fermé "]
[Site "Madiana"]
[Date "2016.05.05"]
[Round "9.4"]
[White "Tin, Romain"]
[Black "Suez-Panama, Gilles"]
[Result "0-1"]
[WhiteElo "1571"]
[BlackElo "2022"]
[PlyCount "92"]
[EventDate "2016.??.??"]

1. e4 e6 2. d4 d5 3. Nc3 Nf6 4. Bg5 Be7 5. e5 Nfd7 6. Bxe7 Qxe7 7. f4 a6 8. Bd3
c5 9. Nf3 cxd4 10. Ne2 Qb4+ 11. Qd2 Qxb2 12. O-O Nc6 13. a3 Qb6 14. Ng3 g6 15.
Kh1 Qc5 16. Rae1 h5 17. Ng5 h4 18. Nxf7 Kxf7 19. Bxg6+ Ke7 20. f5 Ndxe5 21.
Qg5+ Kd6 22. Qf6 Bd7 23. fxe6 hxg3 24. exd7+ Kxd7 25. Bf5+ Kc7 26. Qg7+ Qe7 27.
Qxe7+ Nxe7 28. Rxe5 Rxh2+ 29. Kg1 Nxf5 30. Rfxf5 Rah8 31. Kf1 Rh1+ 32. Ke2 Rc1
33. Kd2 Rg1 34. Rf7+ Kd6 35. Rff5 Rxg2+ 36. Kd3 Rhh2 37. Rxd5+ Kc6 38. Rc5+ Kb6
39. a4 Rd2+ 40. Ke4 Rhe2+ 41. Kd5 g2 42. a5+ Ka7 43. Rg5 Re1 44. Rxg2 Rxg2 45.
Kxd4 Rd1+ 46. Kc3 Rd6 0-1

[Event "Championnat de Martinique Fermé "]
[Site "Madiana"]
[Date "2016.05.05"]
[Round "9.6"]
[White "Lebon, Nicolas"]
[Black "Evers, Shaman"]
[Result "1-0"]
[WhiteElo "1874"]
[BlackElo "1541"]
[PlyCount "127"]
[EventDate "2016.??.??"]

1. f4 d5 2. e3 e5 3. fxe5 Qh4+ 4. g3 Qe4 5. Nf3 Bg4 6. Bg2 Bxf3 7. Qxf3 Qxc2 8.
O-O Qg6 9. Qxd5 Nc6 10. Be4 Qh5 11. Qb5 O-O-O 12. Bxc6 bxc6 13. Qxc6 Qxe5 14.
Qa8+ Kd7 15. Qxa7 Nf6 16. Qa4+ Kc8 17. Nc3 h5 18. Qa6+ Kd7 19. d4 Qe7 20. Qb5+
Kc8 21. h3 Rd6 22. a4 Qe6 23. Qf5 g5 24. Qxe6+ Rxe6 25. Rf5 g4 26. h4 Bd6 27.
d5 Nxd5 28. Rxd5 Bxg3 29. e4 Bxh4 30. Bf4 Be7 31. a5 c6 32. Re5 Kb7 33. a6+ Ka8
34. Rxe6 fxe6 35. Be3 Rb8 36. Na4 c5 37. Bxc5 Bxc5+ 38. Nxc5 Rxb2 39. Nxe6 Rb6
40. Nc7+ Ka7 41. Nd5 Rc6 42. e5 Re6 43. Nb4 Ka8 44. Re1 Ka7 45. Nd5 Rxa6 46. e6
Kb7 47. e7 Ra8 48. e8=Q Rxe8 49. Rxe8 Kc6 50. Nf6 h4 51. Nxg4 Kd7 52. Re5 Kd6
53. Kh2 Kd7 54. Kh3 Kd6 55. Kxh4 Kd7 56. Kg5 Kd6 57. Kf6 Kd7 58. Re6 Kd8 59.
Re7 Kc8 60. Ke6 Kd8 61. Kd6 Kc8 62. Kc6 Kd8 63. Re1 Kc8 64. Re8# 1-0